Responses for Show #6579 - Thursday, April 4, 2013

Rebecca Rider game 6.

Contestants

[<< previous game]

Salvo Candela, a university administrator from New York, New York

Katie Newcomb, a paralegal from Washington, D.C.

Rebecca Rider, an office supply sales assistant from Fresh Meadows, New York (whose 5-day cash winnings total $101,600)

[next game >>]

Jeopardy! Round responses

FICTIONAL BEER
COMPLETES THE BESTSELLER TITLE
MANHATTAN PROJECTS
DRESSED-DOWN FIRST NAMES
KING LOUIS
SOWING "OTE"s
    $200 6
The Simpsons

Rebecca
    $200 17
Dream

Katie
    $200 7
Central Park

Salvo
    $200 1
Margaret

Katie
    $200 26
a Crusade

Salvo
    $200 12
tote

Salvo
    $400 22
Laverne & Shirley

Katie
    $400 18
Steve Jobs

Salvo
    $400 8
The Brooklyn Bridge

Salvo
    $400 2
Andrew

Katie
    $400 27
Louis XIV

Salvo
    $400 13
anecdote

Salvo
    $600 23
coffee

Katie
    $600 19
22

Katie
    $600 9
the World Trade Center

Salvo
    $600 3
Amanda

Rebecca
    $600 28
Louis XVI

Rebecca
    $600 14
rote

Salvo
    $800 24
King of the Hill

Katie
    $800 20
Rivals

Rebecca
    $800 10
(Salvo: What is Hearst?)

Condé Nast

Salvo
Triple Stumper
    $800 4
Henry

Salvo
    $800 29
(Rebecca: Who is Louis the Mad?)

Mad King Ludwig

Rebecca
Triple Stumper
    $800 15
a zygote

Rebecca
    $1000 25
Strange Brew

Katie
    $1000 21
Art

Katie
    $1000 11
St. Patrick's Cathedral

Salvo
    $1000 5
Christopher

Salvo
    $1000 30
vichyssoise

Katie
    $1,600 16
(Rebecca: What is I have absolutely no idea?)
(Alex: If you'd add one letter to "O-T-E", you'd come up with [*], and that's what Theodore Roosevelt was referring to.)

vote

Rebecca

Scores at the first commercial break (after clue 15):

Rebecca Katie Salvo
$1,600 $600 $4,400

Scores at the end of the Jeopardy! Round:

Rebecca Katie Salvo
$600 $6,200 $5,400

Double Jeopardy! Round responses

OPERA
LET IT "B"
SHE DID IT!
STATES' MOST POPULOUS COUNTIES
ENGLAND SWINGS
U.N. ALPHABET SOUP
    $400 26
The Magic Flute

Salvo
    $400 1
Barney

Rebecca
    $400 12
Sally Ride

Rebecca
    $400 6
Illinois

Rebecca
    $400 21
Keith Richards

Katie
    $400 11
United Nations Security Council

Rebecca
    $1,400 27
the valkyries

Salvo
    $800 2
boil

Salvo
    $800 13
Oprah Winfrey

Katie
    $800 7
Virginia

Rebecca
    $800 22
cricket

Rebecca
    $800 17
United Nations General Assembly

Katie
    $1200 28
(Salvo: What is Pagliaccio?)

Pagliacci

KatieSalvo
    $1200 3
bunker

Katie
    $1200 14
Elizabeth Dole

Triple Stumper
    $1200 8
(Katie: What is New York?)

Ohio

KatieSalvo
    $1200 23
Muhammad Ali

Salvo
    $1200 18
children

Salvo
    $1600 29
(Rebecca: What is La Scala?)
...
(Alex: We're going for the composer, [*].)

(Giacomo) Puccini

Rebecca
Triple Stumper
    $1600 4
botox

Katie
    $1600 15
Gertrude Stein

Triple Stumper
    $1600 9
Michigan

Salvo
    $1600 24
hooligans

Rebecca
    $1600 19
cultural

Salvo
    $2000 30
La Traviata

Triple Stumper
    $2000 5
bouillon (or bullion)

Salvo
    $2,000 16
Georgia O'Keeffe

Katie
    $2000 10
Arizona

Salvo
    $2000 25
Oasis

Katie
    $2000 20
refugees

Katie

Scores at the end of the Double Jeopardy! Round:

Rebecca Katie Salvo
$3,800 $17,000 $17,600

[wagering suggestions for these scores]

Final Jeopardy! Round responses

AT THE GROCERY STORE
(Alex: It's 92 percent H2O and it tastes good, too.)
RebeccaWhat is orange juice?
$3,800
KatieWhat is Grapefruit?
$4,000
SalvoWhat is watermelon?
$8,500
watermelon

Final scores:

Rebecca Katie Salvo
$0 $13,000 $26,100
3rd place: $1,000 2nd place: $2,000 New champion: $26,100

Game dynamics:

Coryat scores:

Rebecca Katie Salvo
$5,400 $17,000 $17,000
12 R,
3 W
(including 1 DD)
19 R
(including 1 DD),
1 W
22 R
(including 1 DD),
2 W

Combined Coryat: $39,400

[game clues] [game scores] [suggest correction]

Game tape date: 2012-11-27
The J! Archive is created by fans, for fans. Scraping, republication, monetization, and malicious use prohibited; this site may use cookies and collect identifying information. See terms. The Jeopardy! game show and all elements thereof, including but not limited to copyright and trademark thereto, are the property of Jeopardy Productions, Inc. and are protected under law. This website is not affiliated with, sponsored by, or operated by Jeopardy Productions, Inc. Join the discussion at JBoard.tv.